书目信息 |
| 题名: |
群音类选
|
|
| 作者: | 胡文焕 编 | |
| 分册: | 第三册 | |
| 出版信息: | 北京 中华书局 1980 |
|
| 页数: | 1313-1994页 | |
| 开本: | 21cm | |
| 丛书名: | ||
| 单 册: | ||
| 中图分类: | I207.3 | |
| 科图分类: | ||
| 主题词: | 文学--中国 | |
| 电子资源: | ||
| ISBN: | ||
| 000 | 00627nam0 2200229 45 | |
| 001 | 0180008328 | |
| 005 | 20051201155813.29 | |
| 010 | @dCNY2.75 | |
| 091 | @a10018.463 | |
| 100 | @a19950408d1980 em y0chiy0121 ea | |
| 101 | 0 | @achi |
| 102 | @aCN@b110000 | |
| 105 | @ay z 000by | |
| 200 | 10 | @a群音类选@Aqun yin lei xuan@h第三册@f(明)胡文焕编@F(ming)hu wen huan bian |
| 210 | @a北京@c中华书局@d1980 | |
| 215 | @a1313-1994页@d21cm | |
| 606 | 0 | @a文学@x中国 |
| 690 | @aI207.3@v3 | |
| 701 | 0 | @a胡文焕@Ahu wen huan@4编 |
| 801 | 2 | @aCN@bNLC@c20051201 |
| 801 | 0 | @aCN@b上海图书馆@c20040330 |
| 905 | @dI207.3@e10:3@f1@b174542 | |
| 群音类选.第三册/(明)胡文焕编.-北京:中华书局,1980 |
| 1313-1994页;21cm |
| ISBN :CNY2.75 |
| ● |
| 相关链接 |
|
|
|
|
正题名:群音类选
索取号:I207.3/10:3
 
预约/预借
| 序号 | 登录号 | 条形码 | 馆藏地/架位号 | 状态 | 备注 |
| 1 | 0037881 | 001923967 | 密集书库/ [索取号:I207.3/10:3] | 在馆 | |
| 2 | 0174542 | 000546500 | 第一样本阅览室/ [索取号:I207.3/10:3] | 在馆 | |
| 3 | 0179356 | 202161114 | 密集书库/ [索取号:I207.3/10:3] | 在馆 |